| 000 | 00581nam a2200205 u 4500 | ||
|---|---|---|---|
| 005 | 20210223131255.0 | ||
| 008 | 100429s2005 ag r 000 0 spa d | ||
| 020 | _a9507540644 | ||
| 035 | _aUPN01000175630 | ||
| 049 | _aCG | ||
| 050 | 4 |
_aBL910 _bI3.2 2005 |
|
| 100 | 1 | _aIerardo, Esteban | |
| 245 | 1 | 3 |
_aEl druida : _ben busca de las siete llaves de la sabidurĂa Celta / _cEsteban Ierardo. |
| 250 | _a3a ed. | ||
| 260 |
_aBuenos Aires : _bContinente, _c2005. |
||
| 300 |
_a127 p. : _bil. |
||
| 650 | 4 |
_aCELTAS _96541 |
|
| 650 | 4 |
_aDRUIDAS Y DRUIDISMO _916056 |
|
| 905 | _aLibro | ||
| 999 |
_c147734 _d147734 |
||